Normal view
MARC view
- رحو ، غازي/ م مشارك تائب ابراهيم
Entry Personal Name
001 - CONTROL NUMBER
- control field: 28273
003 - CONTROL NUMBER IDENTIFIER
- control field: JO-AjAnu
005 - DATE AND TIME OF LATEST TRANSACTION
- control field: 20230606074807.0
008 - FIXED-LENGTH DATA ELEMENTS
- fixed length control field: 230606|| aca||aabn | a|a d
040 ## - CATALOGING SOURCE
- Original cataloging agency: JO-AjAnu
- Transcribing agency: JO-AjAnu
100 ## - HEADING--PERSONAL NAME
- Personal name: رحو ، غازي/ م مشارك تائب ابراهيم
670 ## - SOURCE DATA FOUND
- Source citation: Work cat.: (JO-AjAnu)14513: رحو ، غازي/ م مشارك تائب ابراهيم , author, مدخل الى علم الحاسوب والبرمجة بلغة باسكال